Statistics for Capitals of Africa

Click here to take the quiz!

General Stats

  • This quiz has been taken 2,123 times
    (2,117 since last reset)
  • The average score is 37 of 54

Answer Stats

Hint Answer % Correct
AlgeriaAlgiers
94%
EgyptCairo
94%
DjiboutiDjibouti
88%
South AfricaCape Town or Pretoria or Bloemfontein
88%
TunisiaTunis
87%
KenyaNairobi
86%
LibyaTripoli
84%
São Tomé and PríncipeSão Tomé
82%
MoroccoRabat
82%
Guinea-BissauBissau
80%
Sierra LeoneFreetown
79%
EthiopiaAddis Ababa
78%
AngolaLuanda
77%
GhanaAccra
76%
SomaliaMogadishu
76%
Democratic Republic of the CongoKinshasa
74%
Republic of the CongoBrazzaville
73%
SenegalDakar
73%
SudanKhartoum
73%
ZimbabweHarare
72%
SeychellesVictoria
71%
NigeriaAbuja
69%
NamibiaWindhoek
68%
South SudanJuba
68%
LiberiaMonrovia
68%
GabonLibreville
66%
UgandaKampala
66%
TogoLomé
65%
RwandaKigali
65%
MadagascarAntananarivo
64%
BeninPorto Novo
64%
ZambiaLusaka
64%
EritreaAsmara
63%
BotswanaGaborone
63%
Burkina FasoOuagadougou
63%
MozambiqueMaputo
63%
TanzaniaDodoma or Dar es Salaam
63%
ChadN'Djamena
62%
Cape VerdePraia
60%
CameroonYaoundé
60%
MauritiusPort Louis
60%
NigerNiamey
59%
GuineaConakry
59%
MalawiLilongwe
58%
ComorosMoroni
58%
Central African RepublicBangui
57%
SwazilandMbabane
54%
GambiaBanjul
54%
BurundiBujumbura
52%
MaliBamako
52%
LesothoMaseru
50%
Equatorial GuineaMalabo
50%
Ivory CoastAbidjan or Yamoussoukro
48%
MauritaniaNouakchott
46%

Score Distribution

Percentile by Number Answered

Percent of People with Each Score

Your Score History

You have not taken this quiz since the last reset